MARC details
| 000 -LEADER |
| fixed length control field |
01209nam a22002657a 4500 |
| 003 - CONTROL NUMBER IDENTIFIER |
| control field |
OSt |
| 005 - DATE AND TIME OF LATEST TRANSACTION |
| control field |
20260211083448.0 |
| 008 - FIXED-LENGTH DATA ELEMENTS--GENERAL INFORMATION |
| fixed length control field |
240820b ||||| |||| 00| 0 eng d |
| 040 ## - CATALOGING SOURCE |
| Transcribing agency |
0 |
| 082 ## - DEWEY DECIMAL CLASSIFICATION NUMBER |
| Classification number |
DPer 361.05 J826 January-April 2020 v. 67 n. 1-3 |
| 100 ## - MAIN ENTRY--PERSONAL NAME |
| Personal name |
Olofsson, Malin E. |
| Relator term |
author. |
| 9 (RLIN) |
58504 |
| 245 ## - TITLE STATEMENT |
| Title |
Change processes related to long-term outcomes in eating disorders with childhood trauma : |
| Remainder of title |
an explorative qualitative study / |
| Statement of responsibility, etc. |
Malin E. Olofsson, Hanne W. Oddli, Asle Hoffart, Hanna P. Eielsen, and KariAnne R. Vrabel. |
| 260 ## - PUBLICATION, DISTRIBUTION, ETC. (IMPRINT) |
| Place of publication, distribution, etc. |
Washington ; |
| Name of publisher, distributor, etc. |
American Psychological Association , |
| Date of publication, distribution, etc. |
January 2020. |
| 300 ## - PHYSICAL DESCRIPTION |
| Extent |
Volume 67, pages 51-65 : |
| Other physical details |
illustration ; |
| Dimensions |
28 cm. |
| 500 ## - GENERAL NOTE |
| General note |
Journal of Counseling Psychology, vol. 67, no.1, pages 51-65, January 2020. |
| 650 #0 - SUBJECT ADDED ENTRY--TOPICAL TERM |
| Topical term or geographic name as entry element |
Psychotherapy methods trends. |
| 9 (RLIN) |
65323 |
| 650 #0 - SUBJECT ADDED ENTRY--TOPICAL TERM |
| Topical term or geographic name as entry element |
Treatment outcome. |
| 9 (RLIN) |
65324 |
| 650 #0 - SUBJECT ADDED ENTRY--TOPICAL TERM |
| Topical term or geographic name as entry element |
Adult survivors of child adverse events psychology. |
| 9 (RLIN) |
65329 |
| 700 ## - ADDED ENTRY--PERSONAL NAME |
| Personal name |
Olofsson, Malin E. |
| Relator term |
author. |
| 9 (RLIN) |
58504 |
| 700 ## - ADDED ENTRY--PERSONAL NAME |
| Personal name |
Oddli, Hanne W. |
| Relator term |
author. |
| 9 (RLIN) |
58505 |
| 700 ## - ADDED ENTRY--PERSONAL NAME |
| Personal name |
Hoffart, Asle. |
| Relator term |
author. |
| 9 (RLIN) |
58506 |
| 700 ## - ADDED ENTRY--PERSONAL NAME |
| Personal name |
Eielsen, Hanna P. |
| Relator term |
author. |
| 9 (RLIN) |
58507 |
| 700 ## - ADDED ENTRY--PERSONAL NAME |
| Personal name |
Vrabel, KariAnne R. |
| Relator term |
author. |
| 9 (RLIN) |
58508 |
| 942 ## - ADDED ENTRY ELEMENTS (KOHA) |
| Source of classification or shelving scheme |
Dewey Decimal Classification |
| Koha item type |
Periodicals |